Statistics for Low - David Bowie

Click here to take the quiz!

General Stats

  • This quiz has been taken 4 times
  • The average score is 9 of 11

Answer Stats

Answer% Correct
Be My Wife
100%
Sound and Vision
100%
Subterraneans
100%
Warszawa
100%
Always Crashing in the Same Car
75%
A New Career in a New Town
75%
Breaking Glass
75%
Speed of Life
75%
Weeping Wall
75%
What in the World
75%
Art Decade
50%

Score Distribution

Percentile by Number Answered

Percent of People with Each Score

Your Score History

You have not taken this quiz